[Event "101st YMCA Winter C"]
[Site "Warszawa"]
[Date "2012.03.21"]
[Round "12"]
[White "Sawicki, Wojciech"]
[Black "Chomczyk, Marek"]
[Result "0-1"]
[WhiteElo "1769"]
[BlackElo "1808"]
[PlyCount "176"]
[EventDate "2012.01.03"]
[EventType "tourn"]
[EventRounds "1"]
[EventCountry "POL"]
[SourceDate "2012.01.03"]

1. e4 e5 2. Nf3 Nc6 3. Bb5 a6 4. Ba4 d6 5. c3 Nf6 6. d4 b5 7. Bc2 Be7 8. O-O
O-O 9. Nbd2 Bg4 10. d5 Nb8 11. a4 c6 12. axb5 cxb5 13. h3 Bh5 14. Re1 Qc8 15.
Nf1 Bg6 16. Ng3 Ne8 17. Nf5 Bxf5 18. exf5 Nd7 19. Bg5 Bxg5 20. Nxg5 Nef6 21.
Qf3 h6 22. Ne4 Nxe4 23. Qxe4 Nf6 24. Qf3 Qc5 25. g4 Qxd5 26. Qxd5 Nxd5 27. Be4
Nf4 28. Bxa8 Rxa8 29. Kh2 a5 30. Rad1 Ra6 31. Re4 f6 32. Kg3 Kf7 33. Rxf4 exf4+
34. Kxf4 Ke7 35. Ke4 Kd7 36. Kd5 Rc6 37. Ra1 Rc5+ 38. Kd4 a4 39. b3 axb3 40.
Rb1 Kc6 41. Rxb3 Rd5+ 42. Ke3 Kc5 43. Rb4 Rd1 44. Rf4 Rh1 45. Rf3 Ra1 46. Kd3
d5 47. Re3 Rd1+ 48. Ke2 Rh1 49. Kd3 Rh2 50. Re7 Rxh3+ 51. Kd2 Rf3 52. Rc7+ Kd6
53. Rxg7 Rxf2+ 54. Ke3 Rg2 55. Kd4 h5 56. Ke3 Rxg4 57. Rb7 h4 58. Rxb5 h3 59.
Rb1 h2 60. Rh1 Rh4 61. Kf3 Ke5 62. Kg3 Rh8 63. Kg2 Kxf5 64. Rf1+ Ke4 65. Rh1 f5
66. Re1+ Kf4 67. Rd1 Ke5 68. Re1+ Kd6 69. Rd1 Kc5 70. Rf1 Rh5 71. Rf4 Rh3 72.
Rxf5 Kc4 73. Rg5 Rxc3 74. Kxh2 Rf3 75. Kg2 Rf8 76. Rg7 d4 77. Rc7+ Kd3 78. Rd7
Ke3 79. Re7+ Kd2 80. Ra7 d3 81. Rd7 Ke2 82. Re7+ Kd1 83. Rd7 d2 84. Rc7 Rf5 85.
Rc6 Ke2 86. Re6+ Kd3 87. Rd6+ Ke3 88. Re6+ Kd4 0-1

[Event "101st YMCA Winter C"]
[Site "Warszawa"]
[Date "2012.02.14"]
[Round "12"]
[White "Krzyzanowski, Antoni"]
[Black "Kaniewska, Emilia"]
[Result "1-0"]
[WhiteElo "1777"]
[BlackElo "1683"]
[PlyCount "99"]
[EventDate "2012.01.03"]
[EventType "tourn"]
[EventRounds "1"]
[EventCountry "POL"]
[SourceDate "2012.01.03"]

1. e4 c5 2. Nc3 d6 3. g3 Nf6 4. Bg2 e6 5. d3 Be7 6. f4 Nc6 7. Nf3 O-O 8. O-O a6
9. h3 Qc7 10. g4 g6 11. g5 Nh5 12. Nh4 Bd7 13. f5 exf5 14. exf5 Ng3 15. f6 Nxf1
16. fxe7 Nxe7 17. Qxf1 Bc6 18. Ne4 Bxe4 19. dxe4 Rad8 20. Bd2 d5 21. Bf4 Qb6
22. Be5 dxe4 23. Bf6 Qe6 24. Re1 e3 25. Qf3 Rfe8 26. Rxe3 Rd1+ 27. Kh2 Qd6+ 28.
Be5 Qe6 29. Qxd1 Nf5 30. Nxf5 Qxf5 31. Qd6 Rc8 32. Qf6 Qxf6 33. Bxf6 b5 34. Bb7
Rb8 35. Bxa6 c4 36. Bxb5 Kf8 37. Bxc4 Rc8 38. b3 Ra8 39. a4 Ra7 40. Bb5 Ra8 41.
a5 Rc8 42. c4 Rb8 43. a6 Ra8 44. a7 Rc8 45. Bc6 h5 46. a8=Q Rxa8 47. Bxa8 h4
48. c5 Kg8 49. Re8+ Kh7 50. Rh8# 1-0

[Event "101st YMCA Winter C"]
[Site "Warszawa"]
[Date "2012.03.15"]
[Round "12"]
[White "Pajak, Jakub"]
[Black "Duda, Ryszard"]
[Result "0-1"]
[WhiteElo "1693"]
[BlackElo "1692"]
[PlyCount "138"]
[EventDate "2012.01.03"]
[EventType "tourn"]
[EventRounds "1"]
[EventCountry "POL"]
[SourceDate "2012.01.03"]

1. Nf3 Nf6 2. g3 e6 3. c4 b6 4. Bg2 Bb7 5. O-O d5 6. cxd5 Bxd5 7. Nc3 Bb7 8. d4
Nd5 9. Bd2 Nxc3 10. Bxc3 Nd7 11. Rc1 Nf6 12. Qa4+ Qd7 13. Qxd7+ Nxd7 14. b4 Nf6
15. a3 Be7 16. Bb2 Rc8 17. Rc3 O-O 18. Rfc1 Bd6 19. Ne5 Bxg2 20. Kxg2 c5 21.
Nc4 cxb4 22. Nxd6 bxc3 23. Nxc8 cxb2 24. Ne7+ Kh8 25. Rb1 Rd8 26. e3 Rd7 27.
Nc6 Rc7 28. Nb4 Rc3 29. Rxb2 Rxa3 30. Rc2 g6 31. Rc7 Kg7 32. Nc6 Rc3 33. Kf1 a5
34. Ke1 Nd5 35. Rc8 Nb4 36. Ne7 Rxc8 37. Nxc8 Nd5 38. e4 Nf6 39. f3 Nd7 40. Kd2
Kf8 41. Kc3 Ke8 42. e5 Kd8 43. Nd6 f5 44. h3 Kc7 45. Kc4 Kc6 46. Nb5 Nb8 47.
Nc3 Na6 48. d5+ exd5+ 49. Nxd5 b5+ 50. Kd4 b4 51. Nf6 a4 52. Kc4 b3 53. Kc3 Nc5
54. Nxh7 a3 55. g4 b2 56. Kc2 Nd3 57. Kb1 Nxe5 58. gxf5 gxf5 59. Ng5 Kb5 60. f4
Ng6 61. Ne6 Kc4 62. Ka2 Kc3 63. Kb1 Nxf4 64. Nc5 Kb4 65. Na6+ Kc3 66. h4 Nd3
67. h5 Kb3 68. Nc5+ Nxc5 69. h6 a2# 0-1

[Event "101st YMCA Winter C"]
[Site "Warszawa"]
[Date "2012.03.01"]
[Round "13"]
[White "Kaniewska, Emilia"]
[Black "Pajak, Jakub"]
[Result "0-1"]
[WhiteElo "1683"]
[BlackElo "1693"]
[Annotator "M"]
[PlyCount "144"]
[EventDate "2012.01.03"]
[EventType "tourn"]
[EventRounds "1"]
[EventCountry "POL"]
[SourceDate "2012.01.03"]

1. c4 g6 2. Nc3 Bg7 3. g3 c5 4. Bg2 Nf6 5. e3 Nc6 6. Nge2 O-O 7. O-O Rb8 8. Rb1
a6 9. d4 Na5 10. b3 d6 11. Qc2 b5 12. cxb5 axb5 13. b4 cxb4 14. Rxb4 Bd7 15.
Bd2 Nc4 16. Nf4 e6 17. Nd3 Qc7 18. Rc1 Bc6 19. Nb2 Nxd2 20. Qxd2 Bxg2 21. Kxg2
Rfc8 22. Nd3 Qc6+ 23. f3 Nd5 24. Nxd5 Qxd5 25. Rxc8+ Rxc8 26. Qb2 Qf5 27. Ne1
Qg5 28. Nc2 Qf5 29. Ne1 Qg5 30. Nc2 Qf5 31. Na3 Qd3 32. Rb3 Qd1 33. Qf2 Rc1 34.
f4 $11 Bf8 35. Rb2 b4 36. Nc2 d5 37. Kh3 h5 38. Kg2 Kg7 39. Kh3 Qg4+ 40. Kg2 h4
41. Ne1 h3+ 42. Kf1 Qd1 43. Rd2 Qa4 44. Rb2 Qb5+ 45. Kg1 Qd3 46. Rd2 Qe4 47.
Re2 b3 48. axb3 Bb4 49. Kf1 Qh1+ 50. Qg1 Rxe1+ 51. Rxe1 Qxg1+ 52. Kxg1 Bxe1 53.
Kf1 Bb4 54. Kf2 f5 55. Kf3 Kf6 56. g4 g5 57. fxg5+ Kxg5 58. gxf5 Kxf5 59. Kf2
Ke4 60. Ke2 Be7 61. Kf2 Bh4+ 62. Ke2 Bg5 63. b4 Bxe3 64. b5 Bxd4 65. b6 Bxb6
66. Kf1 Kd3 67. Ke1 e5 68. Kd1 e4 69. Ke1 e3 70. Kd1 e2+ 71. Ke1 Ba5+ 72. Kf2
e1=Q+ 0-1

[Event "101st YMCA Winter C"]
[Site "Warszawa"]
[Date "2012.01.18"]
[Round "13"]
[White "Chomczyk, Marek"]
[Black "Krzyzanowski, Antoni"]
[Result "0-1"]
[WhiteElo "1808"]
[BlackElo "1777"]
[PlyCount "76"]
[EventDate "2012.01.03"]
[EventType "tourn"]
[EventRounds "1"]
[EventCountry "POL"]
[SourceDate "2012.01.03"]

1. e4 c5 2. Nf3 d6 3. d4 cxd4 4. Nxd4 Nf6 5. Nc3 a6 6. Bd3 g6 7. O-O Bg7 8. h3
O-O 9. Be3 b5 10. Qd2 Bb7 11. a3 Nbd7 12. f4 Nc5 13. e5 Nfe4 14. Nxe4 Nxe4 15.
Bxe4 Bxe4 16. e6 f5 17. Nf3 Bxb2 18. Ra2 Bg7 19. Ng5 d5 20. Bd4 Rc8 21. Bxg7
Kxg7 22. Qd4+ Kg8 23. Nf7 Rxf7 24. exf7+ Kxf7 25. c3 Qd6 26. Raa1 Kg8 27. a4
Rc4 28. Qa7 Rxc3 29. Rac1 d4 30. Rfd1 Rxc1 31. Rxc1 d3 32. Rc8+ Kf7 33. Rh8 d2
34. Rxh7+ Kf6 35. Qf2 d1=Q+ 36. Kh2 Q1d2 37. Qh4+ Ke6 38. Qg3 Q6xf4 0-1

[Event "101st YMCA Winter C"]
[Site "Warszawa"]
[Date "2012.02.01"]
[Round "13"]
[White "Rozycki, Bartlomiej"]
[Black "Sawicki, Wojciech"]
[Result "1-0"]
[WhiteElo "1839"]
[BlackElo "1769"]
[PlyCount "79"]
[EventDate "2012.01.03"]
[EventType "tourn"]
[EventRounds "1"]
[EventCountry "POL"]
[SourceDate "2012.01.03"]

1. e4 e5 2. Nf3 Nc6 3. Bc4 Nf6 4. Ng5 Bc5 5. Bxf7+ Ke7 6. Bd5 Rf8 7. O-O d6 8.
h3 Qe8 9. Bxc6 bxc6 10. d3 Qg6 11. Kh2 Bxf2 12. Rxf2 Ng4+ 13. hxg4 Rxf2 14. Be3
Rf8 15. Nd2 h6 16. Ngf3 Bxg4 17. Qe1 Qe6 18. Qg3 g5 19. b3 Kd7 20. Rh1 c5 21.
Kg1 Kc6 22. Nh2 Bd1 23. Qe1 Bxc2 24. Qe2 a5 25. Nc4 Bb1 26. Na3 Bxa2 27. Qxa2
a4 28. Nf3 axb3 29. Qb2 Rfb8 30. g3 Ra4 31. Kg2 Qc8 32. Nxe5+ dxe5 33. Rxh6+
Kb7 34. Qxb3+ Rb4 35. Qd5+ c6 36. Qxc5 Rb2+ 37. Nc2 Rxc2+ 38. Qxc2 Qd7 39. Qb2+
Ka6 40. Qxb8 1-0

[Event "101st YMCA Winter C"]
[Site "Warszawa"]
[Date "2012.03.28"]
[Round "13"]
[White "Antokolski, Michal"]
[Black "Maciejewski, Andrzej"]
[Result "1/2-1/2"]
[WhiteElo "1742"]
[BlackElo "1754"]
[Annotator "M"]
[PlyCount "58"]
[EventDate "2012.01.03"]
[EventType "tourn"]
[EventRounds "1"]
[EventCountry "POL"]
[SourceDate "2012.01.03"]

1. e4 c5 2. Nf3 d6 3. d4 cxd4 4. Nxd4 Nf6 5. Nc3 g6 6. Be3 Bg7 7. f3 O-O 8. Qd2
Nc6 9. Bc4 Bd7 10. O-O-O Rb8 11. h4 Na5 12. Bb3 b5 13. Bh6 Nc4 14. Bxc4 bxc4
15. Bxg7 Kxg7 16. h5 Qb6 17. b3 cxb3 18. axb3 Qa5 19. Kb2 Kg8 20. Qh6 Rfc8 21.
Nde2 Be6 22. hxg6 fxg6 23. Nd5 Bxd5 24. exd5 Qc5 25. Qd2 a5 26. Nf4 a4 27. Ne6
Qc4 28. Qd3 axb3 29. cxb3 Qb4 $11 1/2-1/2

[Event "101st YMCA Winter C"]
[Site "Warszawa"]
[Date "2012.03.29"]
[Round "13"]
[White "Praczukowski, Stanislaw"]
[Black "Prus, Marek"]
[Result "0-1"]
[WhiteElo "1727"]
[BlackElo "1735"]
[PlyCount "104"]
[EventDate "2012.01.03"]
[EventType "tourn"]
[EventRounds "1"]
[EventCountry "POL"]
[SourceDate "2012.01.03"]

1. d4 g6 2. c4 Bg7 3. g3 Nf6 4. Bg2 c5 5. d5 d6 6. Nf3 O-O 7. Nc3 Na6 8. O-O
Bf5 9. Nh4 Qd7 10. Nxf5 Qxf5 11. h3 h5 12. e4 Qd7 13. Bf4 Nh7 14. Qd2 f6 15. h4
Nc7 16. a4 b6 17. Kh2 Rfd8 18. Bh3 Qe8 19. Nb5 Nxb5 20. axb5 Nf8 21. Ra6 Rdb8
22. Rfa1 Rb7 23. Bh6 Qf7 24. Bxg7 Kxg7 25. f3 Nh7 26. Be6 Qe8 27. Qf4 Nf8 28.
Bh3 Qd8 29. g4 e5 30. Qg3 Kh6 31. gxh5 Kxh5 32. Bg4+ Kh6 33. Rg1 Nh7 34. Bd7 g5
35. hxg5+ Nxg5 36. Qh4+ Kg7 37. Bc6 Qh8 38. Qxh8+ Rxh8+ 39. Kg2 Re7 40. Rga1
Nh3 41. Rxa7 Nf4+ 42. Kg3 Rxa7 43. Rxa7+ Kf8 44. Bd7 Rg8+ 45. Bg4 Nd3 46. Ra2
Kg7 47. b3 Nc1 48. Rb2 Ra8 49. Rb1 Ne2+ 50. Kf2 Ra2 51. Ke3 Nf4 52. Re1 Ng2+
0-1

[Event "101st YMCA Winter C"]
[Site "Warszawa"]
[Date "2012.03.28"]
[Round "13"]
[White "Wrabel, Antoni"]
[Black "Chmielewska, Joanna"]
[Result "0-1"]
[WhiteElo "1713"]
[BlackElo "1774"]
[PlyCount "96"]
[EventDate "2012.01.03"]
[EventType "tourn"]
[EventRounds "1"]
[EventCountry "POL"]
[SourceDate "2012.01.03"]

1. e4 e6 2. d4 d5 3. e5 c5 4. c3 Nc6 5. Nf3 Bd7 6. Be2 Rc8 7. O-O Nge7 8. dxc5
Ng6 9. c4 dxc4 10. Bxc4 Bxc5 11. Qe2 O-O 12. Nc3 Nd4 13. Nxd4 Bxd4 14. Rd1 Bxe5
15. Bb5 Bxb5 16. Nxb5 Qh4 17. g3 Qh3 18. f4 Bb8 19. Be3 e5 20. fxe5 Bxe5 21.
Rd5 Qe6 22. Qd2 a6 23. Nd6 Rcd8 24. Bc5 Bxd6 25. Rxd6 Rxd6 26. Qxd6 Re8 27.
Qxe6 Rxe6 28. Rd1 h6 29. Rd8+ Kh7 30. Rd7 b6 31. Bd4 f6 32. Rb7 b5 33. Kf2 Ne5
34. Bxe5 Rxe5 35. Rb6 a5 36. Kf3 Kg6 37. g4 h5 38. h3 hxg4+ 39. hxg4 Kg5 40. b3
b4 41. Rc6 g6 42. Rc4 Kh6 43. a4 bxa3 44. Ra4 a2 45. Rxa2 Rb5 46. Ra3 Kg5 47.
Kg3 Rd5 48. Kf3 Rc5 0-1